000 00367nam a2200145Ia 4500
008 230917s9999||||xx |||||||||||||| ||und||
040 _e214991
_aMAIN
041 _aEnglish
082 _a658.5 J199P
100 _aJain, K C
245 0 _aProduction and operations management
260 _aNew Delhi
_bDreamtech Press
_c2013
300 _axvii, 455 p.
942 _cBK
999 _c179255
_d179255